<?xml version="1.0" encoding="UTF-8"?>
<record
    xmlns:xsi="http://www.w3.org/2001/XMLSchema-instance"
    xsi:schemaLocation="http://www.loc.gov/MARC21/slim http://www.loc.gov/standards/marcxml/schema/MARC21slim.xsd"
    xmlns="http://www.loc.gov/MARC21/slim">

  <leader>01514nam a22001937a 4500</leader>
  <controlfield tag="001">2665</controlfield>
  <controlfield tag="005">20240109121828.0</controlfield>
  <datafield tag="020" ind1=" " ind2=" ">
    <subfield code="a">9780553213881</subfield>
  </datafield>
  <datafield tag="040" ind1=" " ind2=" ">
    <subfield code="a">FISKH</subfield>
    <subfield code="b">eng</subfield>
    <subfield code="c">FISKH</subfield>
    <subfield code="d">FISKH</subfield>
  </datafield>
  <datafield tag="050" ind1=" " ind2=" ">
    <subfield code="a">PS1603</subfield>
  </datafield>
  <datafield tag="082" ind1=" " ind2=" ">
    <subfield code="a">814/.3</subfield>
  </datafield>
  <datafield tag="100" ind1=" " ind2=" ">
    <subfield code="a">Emerson, Ralph Waldo</subfield>
    <subfield code="d">1803-1882</subfield>
  </datafield>
  <datafield tag="245" ind1=" " ind2=" ">
    <subfield code="a">Ralph Waldo Emerson</subfield>
    <subfield code="b">selected essays, lectures, and poems</subfield>
    <subfield code="c">edited and with a foreword by Robert D. Richardson Jr.</subfield>
  </datafield>
  <datafield tag="260" ind1=" " ind2=" ">
    <subfield code="a">New York :</subfield>
    <subfield code="b">Bantam Classic</subfield>
    <subfield code="c">2007</subfield>
  </datafield>
  <datafield tag="300" ind1=" " ind2=" ">
    <subfield code="a">402 pages :</subfield>
    <subfield code="c">18 cm.</subfield>
  </datafield>
  <datafield tag="520" ind1=" " ind2=" ">
    <subfield code="a">A new, wide-ranging selection of Ralph Waldo Emerson&#x2019;s most influential writings, this edition captures the essence of American Transcendentalism and illustrates the breadth of one of America&#x2019;s greatest philosophers and poets. The writings featured here show Emerson as a protester against social conformity, a lover of nature, an activist for the rights of women and slaves, and a poet of great sensitivity. As explored in this volume, Emersonian thought is a unique blend of belief in individual freedom and in humility before the power of nature. &#x201C;I become a transparent eyeball,&#x201D; Emerson wrote in Nature, &#x201C;I am nothing; I see all; the currents of the Universal Being circulate through me; I am part or particle of God.&#x201D; Written over a century ago, this passage is a striking example of the passion and originality of Emerson&#x2019;s ideas, which continue to serve as a spiritual center and an ideological base for modern thought.</subfield>
  </datafield>
  <datafield tag="700" ind1=" " ind2=" ">
    <subfield code="a">Richardson, Robert D. Jr.</subfield>
    <subfield code="c">editor</subfield>
  </datafield>
  <datafield tag="942" ind1=" " ind2=" ">
    <subfield code="2">lcc</subfield>
    <subfield code="c">BK</subfield>
    <subfield code="n">0</subfield>
  </datafield>
  <datafield tag="999" ind1=" " ind2=" ">
    <subfield code="c">2665</subfield>
    <subfield code="d">2665</subfield>
  </datafield>
  <datafield tag="952" ind1=" " ind2=" ">
    <subfield code="0">0</subfield>
    <subfield code="1">0</subfield>
    <subfield code="2">lcc</subfield>
    <subfield code="4">0</subfield>
    <subfield code="7">0</subfield>
    <subfield code="8">FIC</subfield>
    <subfield code="a">001</subfield>
    <subfield code="b">001</subfield>
    <subfield code="c">TKSF</subfield>
    <subfield code="d">2024-01-09</subfield>
    <subfield code="l">0</subfield>
    <subfield code="o">EME 818.3 PS1603</subfield>
    <subfield code="p">2024-0005</subfield>
    <subfield code="r">2024-01-09 12:18:12</subfield>
    <subfield code="w">2024-01-09</subfield>
    <subfield code="y">BK</subfield>
  </datafield>
</record>
